000 nam a22 7a 4500
999 _c9885
_d9885
008 180208b ||||| |||| 00| 0 eng d
100 _aJain, G
_95959
245 _aNobel Peace, eco
260 _aNew Delhi
_bMaa Publication
_c2012